[Event "ZL-2010-0-00658"]
[Site "LSS email"]
[Date "2010.01.30"]
[Round "?"]
[White "Molano Lafuente, Ismael"]
[Black "Tuncil, Veysel"]
[Result "1-0"]
[WhiteElo "1309"]
[BlackElo "874"]
[PlyCount "33"]
[EventDate "2010.01.23"]
[EventType "match (corr)"]
[EventRounds "2"]
[EventCountry "GER"]
[SourceTitle "Corr 2015"]
[Source "ChessBase"]
[SourceDate "2015.07.17"]
[SourceVersion "1"]
[SourceVersionDate "2015.07.17"]
[SourceQuality "1"]

1. e4 b6 2. Nc3 Bb7 3. f4 d5 4. Nxd5 Bxd5 5. exd5 Qxd5 6. Qf3 Qxf3 7. Nxf3 Nf6 8. d4 e6 9. Bd3 Bd6 10. Ne5 Nbd7 11. Bd2 0-0 12. 0-0-0 c5 13. Bb5 Nb8 14. dxc5 Bxc5 15. Rhe1 a6 16. Be2 Nbd7 17. Bf3 1-0

[Event "LSS No Engine Cup 13 Preliminary 5"]
[Site "LSS email"]
[Date "2009.12.27"]
[Round "?"]
[White "Barna, David"]
[Black "Tuncil, Veysel"]
[Result "0-1"]
[WhiteElo "623"]
[BlackElo "1100"]
[PlyCount "38"]
[EventDate "2009.12.28"]
[EventType "tourn (corr)"]
[EventRounds "6"]
[EventCountry "GER"]
[SourceTitle "Corr 2013"]
[Source "ChessBase"]
[SourceDate "2012.11.12"]
[SourceVersion "1"]
[SourceVersionDate "2012.11.12"]
[SourceQuality "1"]

1. e4 e5 2. Qh5 Nc6 3. Nf3 Nf6 4. Qf5 d6 5. Qg5 Nxe4 6. Qg4 Bxg4 7. Be2 Bxf3 8. Bxf3 Nc5 9. Nc3 Nd4 10. Bd5 Nxc2+ 11. Kf1 Nxa1 12. Ne4 Nxe4 13. Bxe4 Qh4 14. g3 Qxe4 15. Rg1 Qc2 16. Kg2 Qe4+ 17. f3 Qe2+ 18. Kh3 Qxf3 19. d3 Be7 0-1

[Event "LSS OP-2009-0-01021"]
[Site "LSS email"]
[Date "2009.12.15"]
[Round "?"]
[White "Tuncil, Veysel"]
[Black "Checa, Nicholas de T"]
[Result "0-1"]
[WhiteElo "1100"]
[BlackElo "800"]
[PlyCount "64"]
[EventDate "2009.12.08"]
[EventType "tourn (corr)"]
[EventRounds "4"]
[EventCountry "GER"]
[SourceTitle "Telechess CBM 137"]
[Source "ChessBase"]
[SourceDate "2010.07.15"]
[SourceVersion "1"]
[SourceVersionDate "2010.07.15"]
[SourceQuality "1"]

1. e4 c5 2. Nf3 Nc6 3. Bc4 Nf6 4. d3 d6 5. Nc3 g6 6. 0-0 Bg7 7. Nd5 Bg4 8. h3 Bxf3 9. Qxf3 0-0 10. c3 Ne5 11. Qe2 Nxc4 12. dxc4 e6 13. Nxf6+ Qxf6 14. Rd1 Rad8 15. g3 Qe7 16. h4 Rd7 17. b4 Bxc3 18. Rb1 cxb4 19. Bg5 f6 20. Bh6 Rc8 21. Bf4 e5 22. Be3 b6 23. Rd5 Rdc7 24. Rbd1 Rxc4 25. Rxd6 Bd4 26. Rd5 Rc2 27. Qa6 Bxe3 28. fxe3 Rc1 29. Kg2 R8c2+ 30. Kh3 Rxd1 31. Rxd1 h5 32. Qa4 Qe6+ 0-1